International food Ingredients directory 1992
Na minha lista:
| Formato: | Livro |
|---|---|
| Idioma: | Undetermined |
| Publicado em: |
Paris
The Turret Group
1992
|
| Assuntos: | |
| Tags: |
Adicionar Tag
Sem tags, seja o primeiro a adicionar uma tag!
|
| Thư viện lưu trữ: | Trung tâm Học liệu Trường Đại học Cần Thơ |
|---|
| LEADER | 00438nam a2200169Ia 4500 | ||
|---|---|---|---|
| 001 | CTU_23456 | ||
| 008 | 210402s9999 xx 000 0 und d | ||
| 082 | |a 016.664 | ||
| 082 | |b I.61 | ||
| 245 | 0 | |a International food Ingredients directory 1992 | |
| 260 | |a Paris | ||
| 260 | |b The Turret Group | ||
| 260 | |c 1992 | ||
| 650 | |a food | ||
| 650 | |x Bibliography | ||
| 904 | |i Truc | ||
| 980 | |a Trung tâm Học liệu Trường Đại học Cần Thơ | ||